|
|
|
|
| LEADER |
00585cam a2200157ua 4500 |
| 082 |
|
|
|a 346.0134054
|
| 100 |
|
|
|a Janaki ,Nair.
|
| 245 |
|
|
|a Women and Law in Colonial India :
|b a social history /
|c Janaki Nair .
|
| 260 |
|
|
|a Bangalore:
|b National Law School of India University,
|c 1996.
|
| 650 |
|
|
|a Women and Law in Colonial India
|
| 650 |
|
|
|a Women and Law
|
| 650 |
|
|
|a Colonial India
|
| 650 |
|
|
|a Social History
|
| 942 |
|
|
|c BK
|
| 999 |
|
|
|c 274602
|d 274602
|
| 952 |
|
|
|0 0
|1 0
|4 0
|6 346_013405400000000_JANW
|7 0
|9 292194
|a LAW
|b LAW
|d 2020-02-28
|l 0
|o 346.0134054 JAN-W
|p LAW1789
|r 2020-02-28
|t 1
|w 2020-02-28
|y BK
|